| 000 | 00567nam a22001577a 4500 | ||
|---|---|---|---|
| 003 | OSt | ||
| 005 | 20150905152752.0 | ||
| 008 | 150905b xxu||||| |||| 00| 0 eng d | ||
| 040 | _cRUA | ||
| 082 | _aAGR ពិត 1991 B002 Or.1 | ||
| 100 |
_944 _a ពិត ខុនហ៊ែល |
||
| 245 | _aទិន្នផលស្រូវស្រាលនាំចូលរដូវប្រាំង ក្នុងលក្ខខ័ណ្ឌពិសោធន៍ ចំការដូង | ||
| 260 |
_aPhnom Penh _bRUA _c1991 |
||
| 300 |
_a65p. _bill. _c29cm. |
||
| 942 |
_2ddc _cAGR |
||
| 999 |
_c42 _d42 |
||